书目信息 |
| 题名: |
投影仪
|
|
| 作者: | 龚压谈 , 黄友强 著 | |
| 分册: | ||
| 出版信息: | 北京 机械工业出版社 1985 |
|
| 页数: | 219页 | |
| 开本: | 19cm | |
| 丛书名: | 光学仪器丛书 | |
| 单 册: | ||
| 中图分类: | TH741.5 | |
| 科图分类: | ||
| 主题词: | 光学仪器 | |
| 电子资源: | ||
| ISBN: | ||
| 000 | 00718nam2 2200277 45 | |
| 001 | 0185019970 | |
| 005 | 20040520171804.1 | |
| 010 | @dCNY1.70 | |
| 091 | @a15033.5814 | |
| 100 | @a19900918d1985 em y0chiy0121 ea | |
| 101 | 0 | @achi |
| 102 | @aCN@b110000 | |
| 105 | @ay z 000yy | |
| 106 | @ar | |
| 200 | 10 | @a投影仪@Atou ying yi@f龚压谈, 黄友强著 |
| 210 | @a北京@c机械工业出版社@d1985 | |
| 215 | @a219页@d19cm | |
| 225 | 2 | @a光学仪器丛书 |
| 410 | 0 | @120010@a光学仪器丛书 |
| 606 | 0 | @a光学仪器 |
| 690 | @aTH741.5 | |
| 701 | 0 | @a龚压谈@Agong ya tan@4著 |
| 701 | 0 | @a黄友强@Ahuang you qiang@4著 |
| 801 | 0 | @aCN@b深圳图书馆@c20040520 |
| 801 | 2 | @aCN@bNLC@c20040520 |
| 905 | @f2@b147731-732@dTH741.5@e11 | |
| 投影仪/龚压谈, 黄友强著.-北京:机械工业出版社,1985 |
| 219页;19cm.-(光学仪器丛书) |
| ISBN :CNY1.70 |
| ● |
| 相关链接 |
|
|
|
|
正题名:投影仪
索取号:TH741.5/11
 
预约/预借
| 序号 | 登录号 | 条形码 | 馆藏地/架位号 | 状态 | 备注 |
| 1 | 0147731 | 001365285 | 密集书库/ [索取号:TH741.5/11] | 在馆 | |
| 2 | 0147732 | 001365926 | 第三借阅区/ [索取号:TH741.5/11] | 在馆 | |
| 3 | 0147733 | 001365882 | 第二样本阅览室/ [索取号:TH741.5/11] | 在馆 |